000 00950nam a22002777a 4500
001 8868
003 FISKH
005 20251024100232.0
008 251024b cb ||||| |||| 00| 0 eng d
020 _a9781612360157
040 _aFISKH
_beng
_cFISKH
_dFISKH
050 _aPZ7.K666 J
082 _a782.4
100 _aKoontz, Robin
_eAuthor
245 _aJill and the beanstalk /
_cBy Robin Koontz ; Illustrated by Helen Poole
260 _aGuangdong :
_bRourke ,
_c2011
300 _a24 pages :
_bcolor illustrations ;
_c21 cm
505 _aJ
520 _aThis Fluent Reader Retells A Classic Story. Teaching Focus, Words To Know Before You Read, Comprehension And Extension Activities. Inside Front And Back Cover Parent And Teacher Support.
521 8 _a500
_bLexile
521 8 _aJ
_bRaz-Plus
650 _aFairy tales
_vJill and the beanstalk
700 _aPoole, Helen
_eIllustrator
942 _2ddc
_cBK
_n0
999 _c8868
_d8868